[Event "BSV Berliner PMM 2022"]
[Site "?"]
[Date "2022.10.16"]
[Round "2.1"]
[White "Hesse, Hendrik"]
[Black "Krüger, Lionel"]
[Result "1-0"]
[WhiteElo "2180"]
[BlackElo "1714"]
[PlyCount "121"]
[SourceVersionDate "2022.10.25"]
[WhiteTeam "SV Mattnetz "]
[BlackTeam "SG Weissensee"]
[WhiteTeamCountry "GER"]

1. c4 Nf6 2. g3 c6 3. Nf3 d5 4. Bg2 Bf5 5. O-O e6 6. b3 Be7 7. d4 Nbd7 8. Nc3
O-O 9. Nh4 Bg4 10. h3 Bh5 11. g4 Bg6 12. Nxg6 hxg6 13. Bf4 Bb4 14. Qd3 Re8 15.
a3 Ba5 16. Qg3 Rc8 17. Rac1 Bc7 18. Bxc7 Rxc7 19. cxd5 cxd5 20. e3 Qc8 21. Ne2
Rc2 22. Qd6 Qc6 23. Qxc6 Rxc6 24. Rxc6 bxc6 25. Rc1 Rc8 26. b4 Nb6 {(=)} 27.
Nf4 g5 28. Nd3 Nc4 29. Rc3 Nd7 30. Bf1 f6 31. Nc5 Nxc5 32. Bxc4 Ne4 33. Ba6
Nxc3 34. Bxc8 e5 35. dxe5 fxe5 36. Bb7 d4 37. Kf1 dxe3 38. fxe3 Nd5 39. Bxc6
Nxe3+ 40. Ke2 Nc2 41. Kd3 Nxa3 42. Ke4 Kf7 43. Kxe5 g6 44. Bd5+ Ke7 45. Be4 a5
46. Bxg6 axb4 47. Kf5 b3 48. Kxg5 Kf8 49. Kh6 Nc4 50. Kh7 Ne5 51. Be4 b2 52.
Kh6 Kg8 53. Bb1 Kh8 54. Ba2 Nf3 55. Kg6 Nd2 56. Kf7 Ne4 57. h4 Nd6+ 58. Kf8 Nc4
59. Bb1 Nd2 60. g5 Nxb1 61. g6 1-0

[Event "BSV Berliner PMM 2022"]
[Site "?"]
[Date "2022.10.16"]
[Round "2.1"]
[White "Ahlberg, Matthias"]
[Black "Pereva, Viktor"]
[Result "1-0"]
[WhiteElo "2049"]
[BlackElo "2089"]
[PlyCount "119"]
[SourceVersionDate "2022.10.25"]
[WhiteTeam "SG Weissensee"]
[BlackTeam "SV Mattnetz"]

1. e4 e5 2. Nf3 Nf6 3. Nc3 Nc6 4. d3 d5 5. exd5 Nxd5 6. Nxd5 Qxd5 7. Be2 Be7 8.
Bd2 Be6 9. O-O f6 10. Bc3 O-O-O 11. a4 a5 12. Nd2 Nd4 13. Bxd4 Qxd4 14. Qb1 g5
15. c3 Qb6 16. b4 f5 17. bxa5 Qxa5 18. Qc2 Rd6 19. Rfb1 Rc6 20. Nc4 Bxc4 21.
dxc4 Rf8 22. Rb5 Qa7 23. Rxe5 Bc5 24. Bd3 Kb8 25. Rae1 Rd6 26. Rxf5 Rfd8 27.
Rxg5 Bxf2+ 28. Qxf2 Rxd3 29. Qxa7+ Kxa7 30. Rg7 R8d7 31. Rxd7 Rxd7 32. Kf2 Kb6
33. Rb1+ Kc6 34. Ke3 b6 35. Rb5 Re7+ 36. Kd3 Rd7+ 37. Rd5 Rg7 38. g3 Rf7 39.
Rh5 Re7 40. Kc2 Rf7 41. Kb3 Re7 42. Kb4 Kb7 43. c5 Rg7 44. cxb6 cxb6 45. c4 Re7
46. g4 Rf7 47. a5 bxa5+ 48. Rxa5 Re7 49. Rh5 Rc7 50. Rh6 Ka7 51. c5 Kb7 52. Kb5
Re7 53. h4 Kb8 54. g5 Rf7 55. Rf6 Rg7 56. Kc6 Rc7+ 57. Kd6 Kb7 58. h5 Rc6+ 59.
Kd5 Rc7 60. g6 1-0

[Event "BSV Berliner PMM 2022"]
[Site "?"]
[Date "2022.10.16"]
[Round "2.1"]
[White "Jurkatis, Hagen"]
[Black "Verbitsky, Jaroslaw"]
[Result "0-1"]
[WhiteElo "1933"]
[BlackElo "1984"]
[PlyCount "66"]
[SourceVersionDate "2022.10.26"]
[WhiteTeam "SG Weissensee"]
[BlackTeam "SV Mattnetz"]

1. d4 Nf6 2. Nf3 d5 3. Bf4 c5 4. e3 Nc6 5. c3 Qb6 6. Qb3 c4 7. Qc2 Bf5 8. Qc1
Nh5 9. Nbd2 Nxf4 10. exf4 e6 11. Be2 Be7 12. O-O O-O 13. b3 cxb3 14. axb3 Rac8
15. Qb2 Bf6 16. b4 Qc7 17. Ne5 a5 18. bxa5 Nxa5 19. Rfc1 Bxe5 20. fxe5 f6 21.
c4 Nxc4 22. Nxc4 dxc4 23. Rxc4 Qd7 24. Rxc8 Rxc8 25. Bf3 fxe5 26. dxe5 Rc5 27.
g4 Bg6 28. Bxb7 Qc7 29. f4 Rc2 30. Qb4 h5 31. Rf1 hxg4 32. Be4 Rc4 33. Qb7 Qc5+
0-1

[Event "BSV Berliner PMM 2022"]
[Site "?"]
[Date "2022.10.16"]
[Round "2.1"]
[White "Tscheuschner, Georg"]
[Black "Ahlberg, Marion"]
[Result "1-0"]
[WhiteElo "2177"]
[BlackElo "1965"]
[PlyCount "96"]
[SourceVersionDate "2022.10.26"]
[WhiteTeam "SV Mattnetz"]
[BlackTeam "SG Weissensee"]

1. Nf3 d5 2. e3 c6 3. c4 a6 4. Nc3 Nf6 5. Be2 b5 6. b3 Bg4 7. h3 Bh5 8. g4 Bg6
9. g5 b4 10. Na4 Nfd7 11. Bb2 e6 12. Rc1 Ra7 13. d3 Bh5 14. Rg1 Rg8 15. Qc2 Bd6
16. c5 Bc7 17. Nd4 Bg6 18. h4 e5 19. h5 exd4 20. hxg6 hxg6 21. Bxd4 Nf8 22. Bg4
f5 23. gxf6 gxf6 24. f4 f5 25. Bxf5 Qh4+ 26. Qf2 Bd8 27. Qxh4 Bxh4+ 28. Ke2 Kf7
29. Bg4 Bf6 30. Bxf6 Kxf6 31. e4 Ne6 32. e5+ Kf7 33. Ke3 Nd7 34. d4 Ndf8 35.
Nb6 Rc7 36. Rcf1 Ke8 37. f5 Ng5 38. f6 Nge6 39. Nc8 Rh8 40. Ne7 Kf7 41. Nxg6
Nxg6 42. Bxe6+ Kxe6 43. Rxg6 Rf7 44. Rg7 Rh3+ 45. Rf3 Rh2 46. Rxf7 Kxf7 47. e6+
Kf8 48. f7 Rh8 1-0

[Event "BSV Berliner PMM 2022"]
[Site "?"]
[Date "2022.10.16"]
[Round "2.2"]
[White "Kortwich, Felix"]
[Black "Rosenthal, Dirk FM"]
[Result "0-1"]
[WhiteElo "2352"]
[BlackElo "1744"]
[PlyCount "59"]
[SourceVersionDate "2022.10.26"]
[WhiteTeam "TSG Oberschöneweide"]
[BlackTeam "SW Lichtenrade"]

1. e4 c5 2. Nf3 Nc6 3. c3 d5 4. e5 Bg4 5. d4 e6 6. Be2 Bxf3 7. Bxf3 cxd4 8.
cxd4 Qb6 9. O-O Qxd4 10. Qb3 Qb4 11. Qe3 Nge7 12. a3 Qb6 13. Qxb6 axb6 14. Re1
Ng6 15. Nc3 Be7 16. Bd2 O-O 17. Bh5 Ngxe5 18. f4 Nd3 19. f5 Nxe1 20. Rxe1 g6
21. fxg6 hxg6 22. Bg4 Bf6 23. h3 Rfe8 24. Kh1 Bg7 25. Rb1 Rad8 26. Bg5 Rd7 27.
Re1 d4 28. Na4 b5 29. Nc5 Rd5 30. Ne4 0-1

[Event "BSV Berliner PMM 2022"]
[Site "?"]
[Date "2022.10.16"]
[Round "2.2"]
[White "Schöwel, Matthias"]
[Black "Triebus, Bruno"]
[Result "0-1"]
[WhiteElo "2177"]
[BlackElo "2078"]
[PlyCount "110"]
[SourceVersionDate "2022.10.26"]
[WhiteTeam "TSG Oberschöneweide"]
[BlackTeam "SW Lichtenrade"]

1. e4 e6 2. Nf3 d5 3. exd5 exd5 4. d4 Nf6 5. Be2 Bd6 6. O-O O-O 7. Bg5 Bg4 8.
Nc3 c6 9. Ne5 Bxe2 10. Nxe2 Re8 11. f4 Be7 12. Ng3 Ne4 13. Bxe7 Qxe7 14. Qd3
Nd7 15. Rae1 Ndf6 16. Nf5 Qb4 17. a3 Qb6 18. g4 Re6 19. Kg2 Ne8 20. b3 f6 21.
Nf3 (21. Rxe4 $142 $1 fxe5 22. fxe5 $18) 21... Qc7 22. Nd2 g6 23. Nxe4 Rxe4 24.
Rxe4 dxe4 25. Qc4+ Kh8 26. Ng3 Qe7 27. f5 Nd6 28. Qe2 Nb5 29. fxg6 hxg6 30. Qe3
Nxa3 31. c4 Nc2 32. Qd2 (32. Qh6+ Qh7 33. Qd2 $18) 32... Nb4 33. Qh6+ Qh7 34.
Qxh7+ Kxh7 35. Nxe4 Kg7 36. Nxf6 Nc2 37. Ne4 $4 Ne3+ 38. Kg1 Nxf1 39. Kxf1 Rd8
40. Ng5 Kf6 41. Nf3 b5 42. Ke2 bxc4 43. bxc4 a5 44. Kd3 c5 45. Kc3 Re8 46. Kd3
cxd4 47. Nxd4 Kg5 48. h3 Rh8 49. Ne6+ Kf6 50. Nf4 g5 51. Nh5+ Ke5 52. Kc3 Rb8
53. c5 a4 54. c6 Kd6 55. Ng3 Rb3+ 0-1

[Event "BSV Berliner PMM 2022"]
[Site "?"]
[Date "2022.10.16"]
[Round "2.2"]
[White "Raitza, Olaf FM"]
[Black "Hörmann, David"]
[Result "0-1"]
[WhiteElo "2235"]
[BlackElo "1982"]
[PlyCount "106"]
[SourceVersionDate "2022.10.26"]
[WhiteTeam "TSG Oberschöneweide"]
[BlackTeam "SW Lichtenrade"]

1. e4 c5 2. Nf3 d6 3. d4 cxd4 4. Nxd4 Nf6 5. Nc3 a6 6. Be2 e6 7. O-O Be7 8. a4
Nc6 9. Be3 O-O 10. f4 e5 11. Nxc6 bxc6 12. a5 exf4 13. Bxf4 Be6 14. Qd4 d5 15.
exd5 cxd5 16. Kh1 Qc8 17. Na4 Nd7 18. c3 Qc6 19. Qf2 Nc5 20. Nxc5 Bxc5 21. Qg3
Rfe8 22. Be5 Bf8 23. Bd3 Qd7 24. Bf6 $6 Bg4 25. Qh4 h6 26. Rf4 Be2 27. Bc2 $2
gxf6 28. Qxf6 Bg7 29. Qf5 Qxf5 30. Rxf5 Red8 31. Ba4 Bd3 32. Rf2 Rab8 33. Rd1
Be4 34. h3 f5 35. Rfd2 Be5 36. Bc6 Kg7 37. Bxd5 Bf4 38. Rd4 Be3 39. Bxe4 Bxd4
40. Bxf5 Bf6 41. Rc1 Rxb2 42. c4 Rdd2 43. Be4 Re2 44. Bd5 Bd8 45. Bf3 Red2 46.
Rd1 Rbc2 47. Re1 Kf6 48. Bd5 Re2 49. Rf1+ Rf2 50. Re1 Rce2 51. Ra1 Bc7 52. c5
Re5 53. Bb7 Rxc5 0-1

[Event "BSV Berliner PMM 2022"]
[Site "?"]
[Date "2022.10.16"]
[Round "2.2"]
[White "Krüger, Robin Kevin"]
[Black "Postler, Reinhard FM"]
[Result "1/2-1/2"]
[WhiteElo "2149"]
[BlackElo "2046"]
[PlyCount "66"]
[SourceVersionDate "2022.10.26"]
[WhiteTeam "TSG Oberschöneweide"]
[BlackTeam "SW Lichtenrade"]

1. e4 c5 2. c3 Nf6 3. e5 Nd5 4. Nf3 Nc6 5. Bc4 Nb6 6. Bb3 d5 7. exd6 Qxd6 8.
O-O Be6 9. Bxe6 Qxe6 10. a4 Qd7 11. a5 Nd5 12. a6 b6 13. d4 cxd4 14. Nxd4 e6
15. Nb5 Rd8 16. Qa4 Nc7 17. Nxc7+ Qxc7 18. Bf4 Bd6 19. Bxd6 Qxd6 20. Na3 O-O
21. Rfd1 Qc5 22. Nb5 g6 23. h3 e5 24. b4 Qe7 25. Qb3 Kh8 26. Rd5 Rxd5 27. Qxd5
Qf6 28. Qd7 Rd8 29. Qb7 e4 30. Rf1 Rd5 31. Nxa7 Rg5 32. Qxc6 Qf3 33. g3 $4 (33.
Qe8+ $3 Kg7 34. Qe5+ $18) 33... Rxg3+ 1/2-1/2

[Event "BSV Berliner PMM 2022"]
[Site "?"]
[Date "2022.10.16"]
[Round "2.3"]
[White "van Hasselt, Frank"]
[Black "Sechting, Martin"]
[Result "1-0"]
[WhiteElo "2204"]
[BlackElo "1935"]
[PlyCount "55"]
[SourceVersionDate "2022.10.26"]
[WhiteTeam "SFr Berlin"]
[BlackTeam "SC Weisse Dame"]

1. c4 e6 2. g3 d5 3. Bg2 c5 4. Nf3 Nc6 5. O-O Nf6 6. b3 Be7 7. Bb2 O-O 8. e3 d4
9. exd4 cxd4 10. Re1 Bc5 11. Ne5 Nxe5 12. Rxe5 Bd6 13. Bxd4 Bxe5 14. Bxe5 Qd3
15. Nc3 Rd8 16. Ne4 Nxe4 17. Qg4 f6 18. Bxe4 Qd7 19. Bxf6 Rf8 20. Be5 Qf7 21.
f4 a5 22. Qh4 g6 23. Qg5 Re8 24. h4 Ra6 25. h5 h6 26. Qxh6 Qh7 27. Qxh7+ Kxh7
28. Bxg6+ 1-0

[Event "BSV Berliner PMM 2022"]
[Site "?"]
[Date "2022.10.16"]
[Round "2.3"]
[White "Lenhardt, Manfred"]
[Black "Nötzel, Felix"]
[Result "1/2-1/2"]
[WhiteElo "1957"]
[BlackElo "2110"]
[PlyCount "62"]
[SourceVersionDate "2022.10.26"]
[WhiteTeam "SC Weisse Dame"]
[BlackTeam "SFr Berlin"]

1. d4 d5 2. Nf3 Nf6 3. c4 e6 4. g3 dxc4 5. Qa4+ Nbd7 6. Qxc4 a6 7. Bg2 b5 8.
Qc6 Rb8 9. Bf4 Nd5 10. Bg5 Be7 11. Bxe7 Qxe7 12. Nc3 Nb4 13. Qe4 Bb7 14. Qb1 c5
15. dxc5 Nxc5 16. O-O O-O 17. a3 Nd5 18. Nxd5 Bxd5 19. b4 Ne4 20. Qb2 Nd6 21.
Ne5 Bxg2 22. Kxg2 f6 23. Nd3 Nc4 24. Qc3 Rbc8 25. Nc5 a5 26. Rfd1 Rfd8 27.
Rxd8+ Rxd8 28. a4 axb4 29. Qxb4 Rc8 30. Nd3 Qxb4 31. Nxb4 bxa4 {(=)} 1/2-1/2

[Event "BSV Berliner PMM 2022"]
[Site "?"]
[Date "2022.10.16"]
[Round "2.3"]
[White "Offermann, Fernando"]
[Black "Landgesell, Felix"]
[Result "1-0"]
[WhiteElo "2091"]
[BlackElo "1847"]
[PlyCount "103"]
[SourceVersionDate "2022.10.26"]
[WhiteTeam "SFr Berlin"]
[BlackTeam "SC Weisse Dame"]

1. d4 Nf6 2. c4 e6 3. Nc3 Bb4 4. e3 O-O 5. Nge2 c6 6. a3 Ba5 7. b4 Bc7 8. Ng3
d5 9. f4 dxc4 10. Bxc4 Nd5 11. Bd2 Nd7 12. O-O Qh4 13. Nge4 Rd8 14. Ne2 N7f6
15. Ng5 Ng4 16. Nf3 Qe7 17. Qc1 b6 18. Bd3 Bb7 19. h3 Nh6 20. e4 Nf6 21. Qc2
Kh8 22. Be3 Rac8 23. Bf2 c5 24. dxc5 bxc5 25. bxc5 Bb6 26. Rac1 Nd7 27. Qb1
Nxc5 28. Ned4 Nxd3 29. Qxd3 Rxc1 30. Rxc1 Ng8 31. Rd1 Nf6 32. e5 Nd5 33. Ng5 g6
34. Qg3 Kg7 35. Rd2 h6 36. Ne4 f5 37. Nd6 Bxd4 38. Bxd4 a6 39. Kh2 Qc7 40. Qf2
Bc6 41. Rc2 Qd7 42. Rb2 Ba8 43. Rb3 Qc6 44. Rb2 Qa4 45. Rd2 Rb8 46. Rb2 Rb3 47.
Rxb3 Qxb3 48. Bb2 Ne3 $4 (48... Qe3 $11) 49. Bc1 Bxg2 50. Qxe3 Qc2 51. Qd2 Qc6
52. Qxg2 1-0

[Event "BSV Berliner PMM 2022"]
[Site "?"]
[Date "2022.10.16"]
[Round "2.4"]
[White "Borchert, Romario"]
[Black "Strache, Michael"]
[Result "0-1"]
[WhiteElo "1741"]
[BlackElo "2277"]
[PlyCount "58"]
[SourceVersionDate "2022.10.26"]
[WhiteTeam "SV Berlin-Friedrichstadt"]
[BlackTeam "SC Kreuzberg"]

1. Nf3 f5 2. c4 Nf6 3. d4 g6 4. Nc3 Bg7 5. Bf4 O-O 6. Qc2 d6 7. e3 Nh5 8. Bg3
Qe8 9. Be2 e5 10. Nd5 Na6 11. dxe5 dxe5 12. Bh4 Kh8 13. Be7 Rf7 14. Ba3 c6 15.
Nc3 Be6 16. Ng5 Rd7 17. Nxe6 Qxe6 18. Rd1 Rad8 19. Rxd7 Rxd7 20. b3 Nf6 21. e4
f4 22. Bd3 Qe8 23. Qe2 Bf8 24. Bb2 Nc5 25. Bb1 Ne6 26. O-O Nd4 27. Qe1 f3 28.
Qe3 Qe6 29. Nd1 Qg4 0-1

[Event "BSV Berliner PMM 2022"]
[Site "?"]
[Date "2022.10.16"]
[Round "2.4"]
[White "Lehmann, Klaus FM"]
[Black "Junghannß, Fabian"]
[Result "0-1"]
[WhiteElo "2164"]
[BlackElo "1757"]
[PlyCount "98"]
[SourceVersionDate "2022.10.26"]
[WhiteTeam "SC Kreuzberg"]
[BlackTeam "SV Friedrichstadt"]

1. e4 c6 2. Ne2 d5 3. e5 c5 4. d4 cxd4 5. Nxd4 Nc6 6. f4 Qb6 7. Nb3 Bf5 8. Bd3
Bxd3 9. Qxd3 e6 10. c3 Nh6 11. Be3 Qd8 12. O-O Be7 13. N1d2 Ng4 14. Rf3 g6 15.
Kh1 Nxe3 16. Qxe3 Qc7 17. Rh3 h5 18. Nf3 O-O-O 19. Nfd4 Nxd4 20. cxd4 Kb8 21.
Rc1 Qb6 22. Qf2 Rc8 23. Rhc3 Rxc3 24. Rxc3 Rc8 25. Qc2 Rxc3 26. Qxc3 Qa6 27.
Kg1 Qxa2 28. Kf2 Qa4 29. Nc1 a5 30. Ne2 Bb4 31. Qd3 Qa1 32. Qc2 a4 33. Ke3 a3
34. bxa3 Qxa3+ 35. Kf2 Qa6 36. Kf3 b5 37. Kf2 Kb7 38. Qd3 Qc6 39. g4 hxg4 40.
h3 gxh3 41. Qxh3 Ba5 42. Qa3 Kb6 43. Qf8 Qc7 44. Qe8 b4 45. Ke3 b3 46. Qa4 Qc4
47. Qe8 Qc2 48. Kf2 Bd2 49. Kg2 Qe4+ 0-1

[Event "BSV Berliner PMM 2022"]
[Site "?"]
[Date "2022.10.16"]
[Round "2.4"]
[White "Bolk, Matthias"]
[Black "Grassi, Fabrizio"]
[Result "1/2-1/2"]
[WhiteElo "2014"]
[BlackElo "1874"]
[PlyCount "65"]
[SourceVersionDate "2022.10.26"]
[WhiteTeam "SC Kreuzberg"]
[BlackTeam "SV Berlin-Friedrichstadt"]

1. e4 d5 2. exd5 Nf6 3. Nf3 Nxd5 4. d4 Bg4 5. h3 Bxf3 6. Qxf3 e6 7. Bd2 Nc6 8.
Bb5 Bb4 9. Bxc6+ bxc6 10. O-O Qd7 11. c4 Bxd2 12. cxd5 Bh6 13. dxe6 Qxe6 14.
Qa3 Qe7 15. Qc3 O-O 16. Qxc6 Qb4 17. Qc3 Rab8 18. b3 Rfd8 19. Rd1 g6 20. Qxb4
Rxb4 21. Na3 Rbxd4 22. Rxd4 Rxd4 23. Nc4 Bf4 {(=)} 24. Kf1 Kf8 25. Ke2 Ke8 26.
g3 Bd6 27. Rc1 Bc5 28. Rc3 f6 29. f3 Bb4 30. Rc2 Kd7 31. Ne3 Bd6 32. f4 h5 33.
h4 {(=)} 1/2-1/2

[Event "BSV Berliner PMM 2022"]
[Site "?"]
[Date "2022.10.16"]
[Round "2.4"]
[White "Krambeer, Bernd"]
[Black "Federau, Jürgen FM"]
[Result "0-1"]
[WhiteElo "1591"]
[BlackElo "1966"]
[PlyCount "60"]
[SourceVersionDate "2022.10.26"]
[WhiteTeam "SC Kreuzberg"]
[BlackTeam "SV Berlin-Friedrichstadt"]

1. e4 c5 2. Nf3 d6 3. d4 cxd4 4. Nxd4 Nf6 5. Nc3 a6 6. f3 e5 7. Nb3 Be6 8. Be3
Be7 9. Qd2 O-O 10. Be2 Nbd7 11. Nd5 Nxd5 12. exd5 Bf5 13. Bd3 Bxd3 14. Qxd3 Bg5
15. O-O-O Bxe3+ 16. Qxe3 a5 17. g4 b5 18. h4 Nb6 19. g5 a4 20. Nd2 Nxd5 21. Qd3
Nf4 22. Qxb5 Qc7 23. Qc4 Qb8 24. g6 {(=)} hxg6 25. Rdg1 d5 26. Qf1 Qb6 27. Rg5
Rfb8 28. b3 axb3 29. Nxb3 Rxa2 30. Rxe5 Rxc2+ 0-1

[Event "BSV Berliner PMM 2022"]
[Site "?"]
[Date "2022.09.17"]
[Round "1.1"]
[White "Hommel, Niclas"]
[Black "Tonke, Kai"]
[Result "1-0"]
[WhiteElo "2010"]
[BlackElo "1782"]
[PlyCount "159"]
[EventDate "2022.??.??"]
[SourceVersionDate "2022.10.26"]
[WhiteTeam "TSG Oberschöneweide"]
[BlackTeam "SFr Siemensstadt"]

1. e4 d6 2. d4 g6 3. Nc3 Bg7 4. Be3 Nf6 5. f3 O-O 6. Qd2 e5 7. dxe5 dxe5 8.
O-O-O Qxd2+ 9. Rxd2 c6 10. Bc4 Nbd7 11. Nge2 b5 12. Bb3 a5 13. a3 b4 14. Na4
Ba6 15. Rhd1 Rfb8 16. Ng3 Rb7 17. Kb1 Bf8 18. Ka2 Bb5 19. c4 Ba6 20. Ne2 Rab8
21. Nc1 Kg7 22. Rd3 h6 23. Bf2 Be7 24. Bg3 Bf8 25. f4 exf4 26. Bxf4 Re8 27. e5
Nxe5 28. Re3 Nxc4 29. Rxe8 Nxe8 30. Rd8 bxa3 31. Rxe8 axb2 32. Nxb2 Nxb2 33.
Be5+ f6 34. Bxb2 Be7 35. Rg8+ Kh7 36. Ra8 Bf1 37. g3 c5 38. Rc8 Ba6 39. Ra8 Bf1
40. Be6 Rb6 41. Bd5 Ra6 42. Rc8 Rd6 43. Bf3 Bc4+ 44. Kb1 Re6 45. Kc2 Re3 46.
Bd1 a4 47. Ra8 Bb5 48. Kd2 Re4 49. Bc2 Re6 50. Bxa4 Rd6+ 51. Ke3 Bxa4 52. Rxa4
f5 53. Nd3 Bg5+ 54. Ke2 Re6+ 55. Kf2 Rd6 56. Ra8 Bd8 57. Ke2 c4 58. Ne5 Bf6 59.
Ra7+ Kg8 60. Nxc4 Re6+ 61. Kf3 Bxb2 62. Nxb2 Re1 63. Nd3 Rh1 64. h4 Rf1+ 65.
Ke3 g5 66. Ke2 Rh1 67. hxg5 hxg5 68. Ra5 Rh2+ 69. Kf3 Rd2 70. Nf2 Kg7 71. Rxf5
Kg6 72. g4 Ra2 73. Ne4 Ra3+ 74. Ke2 Ra2+ 75. Kd3 Ra3+ 76. Kd2 Ra2+ 77. Kc3 Ra3+
78. Kb4 Re3 79. Rxg5+ Kh6 80. Re5 1-0

[Event "BSV Berliner PMM 2022"]
[Site "?"]
[Date "2022.09.17"]
[Round "1.1"]
[White "Nguyen, Phuc Nhat"]
[Black "Azarvash, Aram"]
[Result "1/2-1/2"]
[WhiteElo "2046"]
[BlackElo "1690"]
[PlyCount "132"]
[SourceVersionDate "2022.10.26"]
[WhiteTeam "TSG Oberschöneweide"]
[BlackTeam "SFr Siemensstadt"]

1. e4 c5 2. Nf3 Nc6 3. d4 cxd4 4. Nxd4 d6 5. Nc3 e6 6. Be3 Nf6 7. f3 Be7 8. Qd2
O-O 9. O-O-O a6 10. g4 Bd7 11. h4 Rc8 12. g5 Nh5 13. f4 b5 14. Bd3 Nxf4 15.
Bxf4 Nxd4 16. e5 Bc6 17. Rhf1 g6 18. Bxg6 hxg6 19. Qxd4 dxe5 20. Qxe5 Qb6 21.
h5 Qc5 22. Qe2 b4 23. Ne4 Qf5 24. Ng3 Qc5 25. hxg6 Bb5 26. Qh2 fxg6 27. Rh1
Qxc2+ 28. Qxc2 Rxc2+ 29. Kxc2 Rxf4 30. Rh6 Kg7 31. Rdh1 Bxg5 32. Rh7+ Kf6 33.
Rh8 Rc4+ 34. Kb1 Rg4 35. R8h3 Bd3+ 36. Ka1 Bf4 37. Nh5+ gxh5 {(=)} 38. Rxd3 h4
39. a3 bxa3 40. Rxa3 Be5 41. Rxa6 Rb4 42. Ra2 Kg5 43. Kb1 Kg4 44. Kc2 Kg3 45.
b3 h3 46. Ra6 Kg2 47. Rd1 h2 {(=)} 48. Rxe6 Bg3 49. Rh6 Rh4 50. Rd2+ Kg1 51.
Rg6 Rh3 52. Ra6 Be1 53. Re2 Kf1 54. Rae6 Bf2 55. Rd2 h1=Q 56. Rd1+ Kg2 57. Rxh1
Rxh1 58. b4 Rh8 59. Kb3 Rb8 60. Kc4 Bg1 61. Re5 Bf2 62. Rb5 Rxb5 63. Kxb5 Bg1
64. Kc6 Bf2 65. b5 Bg1 66. b6 Bxb6 1/2-1/2

[Event "BSV Berliner PMM 2022"]
[Site "?"]
[Date "2022.09.17"]
[Round "1.1"]
[White "Göbel, Severin"]
[Black "Melchert, Kai-Uwe"]
[Result "1/2-1/2"]
[WhiteElo "1569"]
[BlackElo "1786"]
[PlyCount "105"]
[SourceVersionDate "2022.10.26"]
[WhiteTeam "SFr Siemensstadt"]
[BlackTeam "TSG Oberschöneweide"]

1. f4 d5 2. Nf3 Nf6 3. g3 Bg4 4. Bg2 c6 5. c3 Nbd7 6. d3 Qc7 7. O-O h5 8. Nbd2
e5 9. fxe5 Nxe5 10. Nxe5 Qxe5 11. Nf3 Qc7 12. e4 dxe4 13. dxe4 Bc5+ 14. Kh1 h4
15. Bf4 hxg3 16. Bxc7 Bxf3 17. Bxg3 Bxd1 18. Raxd1 Nh5 19. Bf2 Bb6 20. Rd2 Bc7
21. Rfd1 Nf6 22. h3 Be5 23. Kg1 O-O 24. Bc5 Rfe8 25. Kf2 b6 26. Bd4 c5 27. Be3
Re7 28. Bg5 Rae8 29. Rd8 Rxd8 30. Rxd8+ Kh7 31. Bf3 Kg6 32. h4 Bc7 33. Bxf6
Kxf6 34. Rd5 Be5 35. Bg4 Rc7 36. Ke3 Bg3 37. h5 Be5 38. Kd3 Re7 39. a4 Kg5 40.
Be2 g6 41. hxg6 fxg6 42. a5 Kf4 43. b4 c4+ 44. Kxc4 Rc7+ 45. Kb5 bxa5 46. Rc5
axb4 47. Rxc7 Bxc7 48. Kxb4 Kxe4 49. c4 Kf4 50. c5 a5+ 51. Kb5 g5 52. Kc6 Bb8
53. Kb5 1/2-1/2

[Event "BSV Berliner PMM 2022"]
[Site "?"]
[Date "2022.09.17"]
[Round "3.1"]
[White "Kather, Yannik"]
[Black "Nogly, Christoph"]
[Result "0-1"]
[WhiteElo "2129"]
[BlackElo "2220"]
[PlyCount "82"]
[EventDate "2022.??.??"]
[SourceVersionDate "2022.11.12"]
[WhiteTeam "SW Lichtenrade"]
[BlackTeam "SFr Berlin"]

1. e4 e5 2. Nf3 Nc6 3. Bb5 Nf6 4. Bxc6 dxc6 5. d3 Bd6 6. O-O Bg4 7. Nbd2 Qe7 8.
Nc4 O-O-O 9. Bg5 h6 10. Bxf6 Qxf6 11. Qe2 c5 12. Qe3 b6 13. Nfd2 g5 14. a4 a5
15. Nxd6+ Qxd6 16. Nc4 Qe6 17. Qg3 f6 18. f3 Bh5 19. Ne3 Bf7 20. Qg4 h5 21.
Qxe6+ Bxe6 22. Kf2 Kd7 23. Ke2 Ke7 24. g3 Rdg8 25. f4 gxf4 26. gxf4 exf4 27.
Rxf4 Rg5 28. Raf1 Rh6 29. h4 Rg3 30. R1f2 Rg1 31. Rf1 Rg3 32. c3 Rhg6 33. d4
cxd4 34. cxd4 Rh3 35. d5 Bg4+ 36. Kd3 Bd7 37. b3 Rgg3 38. Re1 Bc8 39. Kd4 Bg4
40. Ref1 Rxe3 41. Rxf6 Ref3 0-1

[Event "BSV Berliner PMM 2022"]
[Site "?"]
[Date "2022.09.17"]
[Round "3.1"]
[White "van Hasselt, Frank"]
[Black "Triebus, Bruno"]
[Result "1-0"]
[WhiteElo "2204"]
[BlackElo "2078"]
[PlyCount "53"]
[EventDate "2022.??.??"]
[SourceVersionDate "2022.11.12"]
[WhiteTeam "SFr Berlin"]
[BlackTeam "SW Lichtenrade"]

1. c4 e6 2. g3 d5 3. Bg2 Nf6 4. Nf3 Be7 5. O-O O-O 6. b3 c5 7. Bb2 Nc6 8. e3 b6
9. Nc3 Bb7 10. cxd5 Nxd5 11. Nxd5 Qxd5 12. d4 Rad8 13. Ne5 Qd6 14. dxc5 Qxc5
15. Qe2 Nxe5 16. Bxb7 Qc7 (16... Bf6 $142) 17. Be4 Nd7 $6 18. Rac1 Qb8 19. Qh5
g6 20. Qh6 Bf6 21. Ba3 Rfe8 22. Bc6 Bg7 23. Qf4 Qxf4 $2 (23... Bf8 24. Bb2 $16)
24. gxf4 Bf8 25. Bb2 Re7 26. Rcd1 f6 27. Bxf6 1-0

[Event "BSV Berliner PMM 2022"]
[Site "?"]
[Date "2022.09.17"]
[Round "3.1"]
[White "Nötzel, Felix"]
[Black "Krüger, Robin Kevin"]
[Result "1/2-1/2"]
[WhiteElo "2102"]
[BlackElo "2046"]
[PlyCount "83"]
[EventDate "2022.??.??"]
[SourceVersionDate "2022.11.12"]
[WhiteTeam "SFr Berlin"]
[BlackTeam "SW LIchtenrade"]

1. e4 e5 2. Nf3 Nc6 3. d4 exd4 4. Nxd4 Bc5 5. Nb3 Bb6 6. Nc3 Nf6 7. Qe2 O-O 8.
Be3 Re8 9. f3 Ne7 10. Bg5 Ng6 11. Nd5 c6 12. Nxf6+ gxf6 13. Bh6 f5 14. O-O-O
Qh4 15. Bd2 fxe4 16. g3 Qe7 17. fxe4 Qxe4 18. Qxe4 Rxe4 19. Bd3 Re6 20. Bc3 d5
21. Nd4 Re8 22. Rde1 Bd7 23. Nf5 Bxf5 24. Bxf5 Be3+ 25. Kb1 d4 26. Bb4 Re5 27.
Bd3 c5 28. Ba3 a5 29. Rhf1 Kg7 30. Bc4 Rf8 31. c3 b6 32. Kc2 f5 33. b3 dxc3 34.
Kxc3 Bd4+ 35. Kc2 f4 36. Rxe5 Bxe5 37. gxf4 Rxf4 38. Rxf4 Bxf4 39. h3 Kf6 40.
Bb2+ Be5 41. Bc1 Bf4 42. Bb2+ {(=)} 1/2-1/2

[Event "BSV Berliner PMM 2022"]
[Site "?"]
[Date "2022.09.17"]
[Round "3.1"]
[White "Lorenz, Jannick"]
[Black "Blum, Frederik"]
[Result "1-0"]
[WhiteElo "2082"]
[BlackElo "2011"]
[PlyCount "67"]
[EventDate "2022.??.??"]
[SourceVersionDate "2022.11.12"]
[WhiteTeam "SW Lichtenrade"]
[BlackTeam "SFr Berlin"]

1. e4 c5 2. Nf3 d6 3. d4 cxd4 4. Nxd4 Nf6 5. Nc3 g6 6. Be3 Bg7 7. f3 O-O 8. Qd2
Nc6 9. g4 Be6 10. Nxe6 fxe6 11. O-O-O Ne5 12. Be2 Qc8 13. h4 Nfd7 14. f4 Nc4
15. Bxc4 Qxc4 16. Qd3 Rac8 17. e5 Qb4 18. a3 Qa5 19. Ne4 Nc5 20. Nxc5 dxc5 21.
Qd7 Qa6 22. h5 g5 23. h6 Bh8 24. Qxe7 Rfe8 25. Qxg5+ Kf8 26. Rd7 Qe2 27. Bd2
Qe4 28. Re1 Qg6 29. Qxg6 hxg6 30. Rxb7 Re7 31. Rxe7 Kxe7 32. g5 Rd8 33. Re4 Rd7
34. Rc4 1-0